Заметки и выписи из архивных дел к истории разных дворянских родов (Б-Х)

Доступно только в Электронных читальных залах Найти на картеНа карте
RUSMARC
00003860nmc2a22000003x 450
001dd55ab75-e434-43ff-805e-df7e61e0f686
00520181010210639.0
100##$a20170208l18861899k l0rusy0189 ca
1010#$arus
102##$aRU
2001#$aЗаметки и выписи из архивных дел к истории разных дворянских родов (Б-Х)
$j1886-1899 гг.
251##$cДело
300##$aМатериалы к работе Геннадия Александровича Власьева "Потомство Рюрика". Дополнения
300##$aДело
801#0$aRU
$bРГИА
$c20170208
$gRCR
801#1$aRU
$bГлавНИВЦ
$c20170208
$2rusmarc
801#2$aRU
$bПБ им. Б.Н. Ельцина
$c20181010
$gRCR
$2rusmarc
850##$aРГИА
852##$aРГИА
$eФедеральное казенное учреждение "Российский государственный исторический архив" (РГИА)
$j42
937##$hРГИА
$d12234246
$aASBIBLIO_SCAN
462#0$1001bb40ad27-423c-4fb8-abe9-c40b6ca0b2aa
$12001
$aРаботы Г.А. Власьева по истории русских дворянских родов
$1251
$cОпись
$1852
$j1
461#0$10010fb517a8-fed8-4f75-81c1-089d27e39d57
$12001
$aВласьев Геннадий Александрович (1842-1912 гг.), генерал-лейтенант, генеалог
$1251
$cФонд
$1852
$j957
215##$a179 л.
$cпортр.
$d36,5х26 см
371##$aДокумент не является опубликованным и широко распространяемым
105##$ac###
1222#$ad
035##$add55ab75-e434-43ff-805e-df7e61e0f686
856##$uhttp://readingroom.main.prlib.ru/item.aspx?id_node=n119171620&mode=full
Формат отображения